| 000 | 00559nam a2200217Ia 4500 | ||
|---|---|---|---|
| 003 | OSt | ||
| 005 | 20220924133529.0 | ||
| 006 | a|||||r|||| 00| 0 | ||
| 007 | ta | ||
| 008 | 220923b |||||||| |||| 00| 0 per d | ||
| 024 | _a266691 | ||
| 037 | _cTextual | ||
| 040 |
_aARTS _cARTS _bper |
||
| 041 |
_2per _aper |
||
| 082 | _aa12,245,N, 164N79 | ||
| 100 |
_aAbdullah Anwar _9206731 |
||
| 245 | 0 | _aFehrist nuskha kitabkhana Iran | |
| 260 | _c1979 | ||
| 942 |
_ha12,245,N, 164N79 _cTEXL _2CC |
||
| 999 |
_c434185 _d434185 |
||